000 00346nam a22001217a 4500
020 _a8123900406
082 _222
_a363.61
100 _aBhattacharya, Swades Kumar.
245 _aUrban domestic water supply in developing countries /
260 _aNew Delhi,
_bCBS Publishers,
_cc1992.
300 _axii, 476 p. ;
_bill. ;
_c27 cm.
942 _2ddc
_cCIVIL
999 _c401
_d401